000 00284nam a22001217a 4500
008 180111b xxu||||| |||| 00| 0 eng d
041 _aeng
080 _a038
100 _a23
101 _aFJA
245 _aThe merriam-webster dictionary of english usage
_cWEBSTER
942 _2udc
_cBK
999 _c40127
_d40127